Top 100 MLB Players 2026 - Statistics

General Stats
  • This quiz has been taken 160 times
  • The average score is 69 of 100
Answer Stats
Ranking Answer Position Team % Correct
2 Aaron Judge OF NYY
98%
1 Shohei Ohtani DH/SP LAD
98%
3 Bobby Witt Jr SS KC
97%
9 Cal Raleigh C SEA
97%
15 Fernando Tatis Jr OF SD
97%
4 Juan Soto OF NYM
97%
7 Ronald Acuna Jr OF ATL
97%
5 Tarik Skubal SP DET
96%
14 Francisco Lindor SS NYM
95%
6 Paul Skenes SP PIT
95%
8 Jose Ramirez 3B CLE
93%
11 Vladimir Guerrero Jr 1B TOR
93%
16 Julio Rodriguez OF SEA
92%
17 Yoshinobu Yamamoto SP LAD
92%
21 Kyle Schwarber DH PHI
91%
10 Corbin Carroll OF ARI
90%
33 Bryce Harper 1B PHI
89%
30 Freddie Freeman 1B LAD
89%
25 Ketel Marte 2B ARI
88%
12 Nick Kurtz 1B ATH
88%
13 Garrett Crochet SP BOS
87%
34 Gunnar Henderson SS BAL
87%
29 Bryan Woo SP SEA
86%
18 George Springer DH TOR
85%
23 Kyle Tucker OF LAD
84%
26 Matt Olson 1B ATL
84%
35 Pete Alonso 1B BAL
83%
31 Yordan Alvarez DH HOU
83%
42 Pete Crow-Armstrong OF CHC
82%
57 Mookie Betts SS LAD
81%
48 Will Smith C LAD
80%
56 Elly De La Cruz SS CIN
79%
41 Trea Turner SS PHI
79%
20 Zack Wheeler SP PHI
79%
94 Cade Smith RP CLE
78%
19 Christopher Sanchez SP PHI
78%
32 Hunter Greene SP CIN
78%
22 Junior Caminero 3B TB
78%
39 Byron Buxton OF MIN
77%
49 Corey Seager SS TEX
77%
27 Geraldo Perdomo SS ARI
77%
71 Riley Greene OF DET
77%
37 Blake Snell SP LAD
75%
40 Cody Bellinger OF NYY
75%
64 Manny Machado 3B SD
75%
61 Gerrit Cole SP NYY
73%
24 Hunter Brown SP HOU
73%
45 James Wood OF WAS
73%
36 Jeremy Pena SS HOU
73%
52 Bo Bichette 3B NYM
72%
38 Chris Sale SP ATL
72%
66 Edwin Diaz CP LAD
72%
47 Jacob Degrom SP TEX
72%
28 Max Fried SP NYY
72%
59 Tyler Glasnow SP LAD
72%
63 Yandy Diaz DH TB
72%
72 Christian Yelich DH MIL
69%
53 Jazz Chisholm Jr 2B NYY
69%
82 Aroldis Chapman CP BOS
67%
46 Logan Webb SP SF
64%
98 Alejandro Kirk C TOR
63%
50 Rafael Devers 1B SF
62%
87 William Contreras C MIL
62%
67 Alex Bregman 3B CHC
60%
73 Logan Gilbert SP SEA
60%
58 Jackson Chourio OF MIL
59%
97 Jacob Wilson SS ATH
59%
81 Mason Miller CP SD
59%
92 Mike Trout OF LAA
59%
43 Roman Anthony OF BOS
59%
90 Ben Rice 1B NYY
57%
69 Brice Turang 2B MIL
57%
44 Freddy Peralta SP NYM
57%
70 Brent Rooker DH ATH
56%
51 Michael Busch 1B CHC
56%
84 Zach Neto SS LAA
56%
89 Andy Pages OF LAD
55%
60 Maikel Garcia 3B KC
55%
79 Seiya Suzuki OF CHC
55%
86 Willy Adames SS SF
55%
95 Carols Rodon SP NYY
53%
55 Cole Ragans SP KC
51%
88 Drake Baldwin C ATL
49%
68 Pablo Lopez SP MIN
49%
62 Kyle Stowers OF MIA
45%
85 Shea Langeliers C ATH
45%
78 Wyatt Langford OF TEX
45%
76 Cam Schlittler SP NYY
42%
91 Randy Arozarena OF SEA
42%
65 Tyler Soderstrom OF ATH
42%
80 Vinnie Pasquantino 1B KC
42%
93 Kerry Carpenter DH DET
41%
83 Nathan Eovaldi SP TEX
41%
75 Nolan McLean SP NYM
40%
54 Spencer Schwellenbach SP ATL
39%
100 Wilyer Abreu OF BOS
39%
74 Nick Pivetta SP SD
35%
77 Trey Yesavage SP TOR
35%
96 Jesus Luzardo SP PHI
34%
99 Jonathan Aranda 1B TB
31%
No matching quizzes found
Score Distribution
Percent of People with Each Score
Percentile by Number Answered
Your Score History
You have not taken this quiz